000 00435nam a2200157Ia 4500
008 230711s9999||||xx |||||||||||||| ||und||
041 _aENG
082 _a720
_bTA-W
100 _aTaxali,R.K.
245 0 _aWord Star:professional 4.0 made sample with an overview of release 5.5
250 _a1st Ed.
260 _c1991
_aNew Delhi
_bTata McGraw Hill Education Limited
300 _a285
650 _aComputer Engineering
942 _cBK
999 _c1745
_d1745